[Event "Regionalliga NW 1516"]
[Site "Bayern"]
[Date "2016.01.17"]
[Round "5.2"]
[White "Gruenewald, Florian"]
[Black "Reissner, Andreas"]
[Result "0-1"]
[WhiteElo "2041"]
[BlackElo "2018"]
[PlyCount "112"]
[EventDate "2015.10.11"]
[EventType "team-tourn"]
[EventRounds "9"]
[EventCountry "GER"]
[SourceTitle "EXT 2018"]
[Source "ChessBase"]
[SourceDate "2017.10.13"]
[SourceVersion "1"]
[SourceVersionDate "2017.10.13"]
[SourceQuality "1"]
[WhiteTeam "Moembris"]
[BlackTeam "Marktleuthen"]
[WhiteTeamCountry "GER"]
[BlackTeamCountry "GER"]

1. e4 d6 2. d4 Nf6 3. Nc3 e5 4. Nf3 Nbd7 5. Bc4 Be7 6. 0-0 0-0 7. Re1 c6 8. a3 Qc7 9. h3 b5 10. Ba2 a6 11. dxe5 dxe5 12. Qe2 Nc5 13. Bg5 Be6 14. Bh4 Bxa2 15. Rxa2 Ne6 16. Bg3 Nd7 17. Rd1 f6 18. Nh4 g6 19. Qg4 Kf7 20. Ne2 Rad8 21. Raa1 Ng5 22. Nf3 Ne6 23. Nfd4 Ndc5 24. b4 h5 25. Qf3 Ng5 26. Qe3 Ncxe4 27. Qb3+ Ke8 28. Ne6 Nxe6 29. Qxe6 Rd6 30. Qb3 Qd7 31. c4 bxc4 32. Qc2 Rd3 33. Rdc1 Nd2 34. Re1 Kf7 35. Nc3 Qd4 36. Ne2 Qd7 37. Nc3 Rd8 38. Ne4 Qd4 39. Nxd2 Rxd2 40. Qe4 Qxe4 41. Rxe4 R8d4 42. Ree1 h4 43. Bh2 Ke6 44. Kf1 Kd5 45. Bg1 R4d3 46. f3 f5 47. Be3 Rc2 48. Re2 Rcc3 49. Bc1 Rd1+ 50. Re1 Rxe1+ 51. Kxe1 Rc2 52. Be3 Rxg2 53. Rd1+ Ke6 54. Rc1 Ra2 55. Rxc4 Kd5 56. Rc3 Rxa3 0-1

[Event "Hannover Ihme Cup"]
[Site "Hannover"]
[Date "2015.05.10"]
[Round "4"]
[White "Gruenewald, Florian"]
[Black "Schmidt Klie, Lasse"]
[Result "1/2-1/2"]
[WhiteElo "1942"]
[BlackElo "1640"]
[PlyCount "89"]
[EventDate "2015.05.08"]
[EventType "swiss"]
[EventRounds "5"]
[EventCountry "GER"]
[SourceTitle "EXT 2021"]
[Source "ChessBase"]
[SourceDate "2020.10.23"]
[SourceVersion "1"]
[SourceVersionDate "2020.10.23"]
[SourceQuality "1"]

1. e4 e6 2. d4 d5 3. Nd2 Nf6 4. e5 Nfd7 5. Bd3 c5 6. c3 Qb6 7. Ne2 Nc6 8. Nf3 Be7 9. 0-0 a5 10. Re1 Nf8 11. Bc2 Bd7 12. a3 Ng6 13. Rb1 f6 14. exf6 Bxf6 15. Bxg6+ hxg6 16. Nf4 Kf7 17. Ne5+ Bxe5 18. dxe5 Qc7 19. Qe2 Rae8 20. Nh3 Rxh3 21. gxh3 Ne7 22. h4 Rh8 23. Bg5 Nf5 24. Qg4 a4 25. Rbd1 c4 26. Qf4 Bc6 27. Re3 Kg8 28. Rh3 Rh5 29. Re1 Be8 30. Qg4 b5 31. Rf3 Kh7 32. Ree3 Qc8 33. Rxf5 gxf5 34. Qd4 Qc7 35. Rg3 g6 36. Bf6 Bf7 37. Rg5 Be8 38. Rxh5+ gxh5 39. Qe3 Bg6 40. Qg5 Qb8 41. Kf1 Qc7 42. Bd8 Qxe5 43. Qe7+ Kg8 44. Bb6 f4 45. Qg5 1/2-1/2

[Event "GER-ch Net qual3 U18"]
[Site "Playchess.com INT"]
[Date "2011.05.08"]
[Round "4"]
[White "Bechler, Lukas"]
[Black "Gruenewald, Florian"]
[Result "0-1"]
[WhiteElo "1511"]
[BlackElo "1800"]
[PlyCount "158"]
[EventDate "2011.05.08"]
[EventType "swiss (blitz)"]
[EventRounds "7"]
[EventCountry "GER"]
[SourceTitle "CBM 142 Extra"]
[Source "ChessBase"]
[SourceDate "2011.06.27"]
[SourceVersion "1"]
[SourceVersionDate "2011.06.27"]
[SourceQuality "1"]

1. f4 d5 2. Nf3 Nf6 3. e3 c5 4. Be2 e6 5. 0-0 Nc6 6. b3 Be7 7. Bb2 b6 8. d4 Bb7 9. Nbd2 Ne4 10. Nxe4 dxe4 11. Ne5 cxd4 12. exd4 Nxe5 13. fxe5 Qc7 14. Bb5+ Bc6 15. Bxc6+ Qxc6 16. c4 Rd8 17. Qh5 g6 18. Qe2 Bg5 19. Qf2 0-0 20. Bc1 Bxc1 21. Raxc1 Qd7 22. Rcd1 b5 23. Qe3 Kg7 24. Qxe4 bxc4 25. bxc4 Qa4 26. Qd3 Rc8 27. Rc1 Qxa2 28. Rf2 Qa4 29. h4 h5 30. g4 hxg4 31. Rg2 g3 32. Rxg3 Rh8 33. Qf1 Qe8 34. Qf6+ Kg8 35. Rc2 Rh7 36. Rh2 Qd8 37. Qg5 Qxg5 38. hxg5 Rxh2 39. Kxh2 Rxc4 40. Rg4 a5 41. Kg3 a4 42. Kf3 a3 43. Ke4 a2 44. Rg1 Ra4 45. Ra1 Kf8 46. Kd3 Ke7 47. Kc2 Rxd4 48. Rxa2 Rg4 49. Ra7+ Kf8 50. Kd3 Rxg5 51. Ke4 Rg1 52. Kf4 Kg7 53. Ke4 Rf1 54. Kd4 Re1 55. Kd3 Rxe5 56. Rb7 Rf5 57. Rc7 g5 58. Rd7 g4 59. Ra7 g3 60. Ra2 Rg5 61. Rg2 f5 62. Ke3 Kf6 63. Kf4 e5+ 64. Ke3 f4+ 65. Ke4 Rh5 66. Re2 Rh2 67. Re1 g2 68. Rg1 Ke6 69. Kf3 Kf5 70. Rxg2 Rxg2 71. Kxg2 Ke4 72. Kf2 f3 73. Ke1 Ke3 74. Kf1 f2 75. Kg2 Ke2 76. Kh2 f1Q 77. Kg3 Qf3+ 78. Kh2 Qg4 79. Kh1 Kf2 0-1

[Event "GER-ch Net qual2 U18"]
[Site "Playchess.com INT"]
[Date "2011.05.04"]
[Round "4"]
[White "Cofman, Veaceslav"]
[Black "Gruenewald, Florian"]
[Result "1-0"]
[WhiteElo "2066"]
[BlackElo "1589"]
[PlyCount "85"]
[EventDate "2011.05.04"]
[EventType "swiss (blitz)"]
[EventRounds "7"]
[EventCountry "GER"]
[SourceTitle "CBM 142 Extra"]
[Source "ChessBase"]
[SourceDate "2011.06.27"]
[SourceVersion "1"]
[SourceVersionDate "2011.06.27"]
[SourceQuality "1"]

1. d4 d5 2. c4 e6 3. Nc3 Nf6 4. Bg5 Be7 5. e3 0-0 6. Nf3 h6 7. Bh4 Ne4 8. Bxe7 Qxe7 9. cxd5 Nxc3 10. bxc3 exd5 11. h3 Rd8 12. Bd3 c5 13. 0-0 Nc6 14. Re1 b6 15. e4 dxe4 16. Bxe4 Qc7 17. Qa4 Bb7 18. Rad1 cxd4 19. cxd4 Ne7 20. Rc1 Qd7 21. Qxd7 Rxd7 22. Ne5 Bxe4 23. Nxd7 Rd8 24. Nf6+ gxf6 25. Rxe4 Kf8 26. Rc7 Nf5 27. Rxa7 Rxd4 28. Rxd4 Nxd4 29. Rb7 b5 30. f3 Kg7 31. Kf2 Kg6 32. Ke3 Nf5+ 33. Kd3 Nd6 34. Rb6 Nf5 35. Rxb5 Nd6 36. Rb8 Kf5 37. a4 Kf4 38. a5 Kg3 39. a6 Kxg2 40. a7 Kxf3 41. a8Q+ Kg3 42. Rg8+ Kxh3 43. Qh1# 1-0

[Event "GER-ch Net qual2 U18"]
[Site "Playchess.com INT"]
[Date "2011.05.04"]
[Round "6"]
[White "Gruenewald, Florian"]
[Black "Mittelstaedt, Joel"]
[Result "1/2-1/2"]
[WhiteElo "1589"]
[BlackElo "1756"]
[PlyCount "164"]
[EventDate "2011.05.04"]
[EventType "swiss (blitz)"]
[EventRounds "7"]
[EventCountry "GER"]
[SourceTitle "CBM 142 Extra"]
[Source "ChessBase"]
[SourceDate "2011.06.27"]
[SourceVersion "1"]
[SourceVersionDate "2011.06.27"]
[SourceQuality "1"]

1. e4 c6 2. d4 d5 3. Nd2 dxe4 4. Nxe4 Bf5 5. Ng3 Bg6 6. h4 h6 7. Nf3 Nd7 8. h5 Bh7 9. Bd3 Bxd3 10. Qxd3 e6 11. Bd2 Ngf6 12. 0-0-0 Bd6 13. c3 Bxg3 14. fxg3 Qc7 15. Bf4 Qb6 16. Ne5 Rf8 17. Nxd7 Nxd7 18. Qh7 Qa5 19. Kb1 Qf5+ 20. Qxf5 exf5 21. Bc7 f6 22. Rhf1 Rc8 23. Bd6 Rg8 24. Rde1+ Kd8 25. Rxf5 Re8 26. Rff1 Nb6 27. Bc5 Kd7 28. Kc2 Nd5 29. Kd2 b6 30. Ba3 Rcd8 31. Rxe8 Rxe8 32. Re1 Rxe1 33. Kxe1 Ke6 34. Ke2 Nc7 35. Kf3 Kf5 36. Bd6 Ne8 37. Bb8 a6 38. a4 Kg5 39. g4 f5 40. Bf4+ Kf6 41. Be5+ Kg5 42. gxf5 Kxf5 43. b4 Kg5 44. g4 b5 45. axb5 axb5 46. Kg3 Nf6 47. Bxf6+ gxf6 48. Kf3 f5 49. gxf5 Kxf5 50. Ke3 Kg5 51. c4 Kxh5 52. cxb5 cxb5 53. d5 Kg6 54. Kd4 h5 55. Ke5 h4 56. Ke6 h3 57. d6 h2 58. d7 h1Q 59. d8Q Qe4+ 60. Kd7 Qd5+ 61. Kc7 Qc4+ 62. Kb6 Qxb4 63. Qe8+ Kf5 64. Qf7+ Ke4 65. Qe6+ Kd3 66. Qf5+ Kc3 67. Qf3+ Kb2 68. Qe2+ Ka3 69. Qd3+ Ka4 70. Qc2+ Ka3 71. Qc1+ Ka2 72. Qc2+ Qb2 73. Qc4+ Qb3 74. Qe2+ Ka3 75. Qe7+ Qb4 76. Qe3+ Qb3 77. Qc1+ Qb2 78. Qc5+ Qb4 79. Qe3+ Qb3 80. Qc5+ Qb4 81. Qc1+ Qb2 82. Qe3+ Qb3 1/2-1/2

[Event "GER-ch Net qual1 U18"]
[Site "Playchess.com INT"]
[Date "2011.05.01"]
[Round "6"]
[White "Moehn, Hans"]
[Black "Gruenewald, Florian"]
[Result "1-0"]
[WhiteElo "2038"]
[BlackElo "1589"]
[PlyCount "43"]
[EventDate "2011.05.01"]
[EventType "swiss (blitz)"]
[EventRounds "7"]
[EventCountry "GER"]
[SourceTitle "CBM 142 Extra"]
[Source "ChessBase"]
[SourceDate "2011.06.27"]
[SourceVersion "1"]
[SourceVersionDate "2011.06.27"]
[SourceQuality "1"]

1. e4 e5 2. Nf3 Nc6 3. Bc4 Bc5 4. c3 Nf6 5. d3 d6 6. Bb3 0-0 7. Nbd2 Be6 8. Bc2 Re8 9. h3 d5 10. Qe2 b5 11. 0-0 dxe4 12. dxe4 Bc4 13. Nxc4 bxc4 14. Qxc4 Qd6 15. Rd1 Na5 16. Qe2 Qb6 17. b4 Bxb4 18. cxb4 Qxb4 19. Bd2 Qb6 20. Rab1 Qc5 21. Be3 Qe7 22. Qb5 1-0

[Event "Unterfranken-ch HT 61th"]
[Site "Kitzingen"]
[Date "2010.04.10"]
[Round "9"]
[White "Liebler, Juergen"]
[Black "Gruenewald, Florian"]
[Result "1/2-1/2"]
[WhiteElo "1675"]
[BlackElo "1436"]
[PlyCount "34"]
[EventDate "2010.04.05"]
[EventType "swiss"]
[EventRounds "9"]
[EventCountry "GER"]
[SourceTitle "EXT 2015"]
[Source "ChessBase"]
[SourceDate "2014.11.20"]
[SourceVersion "1"]
[SourceVersionDate "2014.11.20"]
[SourceQuality "1"]

1. e4 c5 2. f4 Nc6 3. Nf3 d6 4. Bc4 e6 5. 0-0 Nf6 6. d3 Be7 7. c3 0-0 8. h3 d5 9. exd5 exd5 10. Bb3 Qc7 11. d4 cxd4 12. cxd4 Rd8 13. Nc3 a6 14. Kh1 Bf8 15. Ne5 Bf5 16. Be3 Na5 17. Bc2 Bxc2 1/2-1/2

[Event "Unterfranken-ch HT 61th"]
[Site "Kitzingen"]
[Date "2010.04.08"]
[Round "5"]
[White "Mutzbauer, Otto"]
[Black "Gruenewald, Florian"]
[Result "0-1"]
[WhiteElo "1492"]
[BlackElo "1436"]
[PlyCount "81"]
[EventDate "2010.04.05"]
[EventType "swiss"]
[EventRounds "9"]
[EventCountry "GER"]
[SourceTitle "EXT 2015"]
[Source "ChessBase"]
[SourceDate "2014.11.20"]
[SourceVersion "1"]
[SourceVersionDate "2014.11.20"]
[SourceQuality "1"]

1. c4 Nf6 2. d4 g6 3. Nf3 Bg7 4. Nc3 0-0 5. Bf4 c6 6. h3 d5 7. e3 e6 8. Bg5 h6 9. Bh4 Nbd7 10. Ne5 Qa5 11. Nxd7 Bxd7 12. a3 c5 13. Bxf6 Bxf6 14. Qd2 cxd4 15. exd4 dxc4 16. Bxc4 Rac8 17. Ba2 Bc6 18. 0-0 Kg7 19. Rad1 Rfd8 20. Qf4 Rd7 21. Ne4 Bxe4 22. Qxe4 Rcd8 23. Qf3 Bxd4 24. b4 Qb6 25. Kh1 Qb5 26. Rfe1 Qb6 27. Re2 Bf6 28. Rde1 Rd1 29. Rxe6 Qxe6 30. Rxd1 Rxd1+ 31. Qxd1 Qxa2 32. Qf3 b6 33. Kh2 Bb2 34. g3 Qxa3 35. Qxa3 Bxa3 36. b5 Kf6 37. Kg2 Ke5 38. Kf3 Kd4 39. h4 Kc4 40. g4 Kxb5 41. Ke4 0-1

[Event "Unterfranken-ch HT 61th"]
[Site "Kitzingen"]
[Date "2010.04.06"]
[Round "2"]
[White "Gruenewald, Florian"]
[Black "Scheiderer, Kurt"]
[Result "1-0"]
[WhiteElo "1436"]
[BlackElo "1310"]
[PlyCount "41"]
[EventDate "2010.04.05"]
[EventType "swiss"]
[EventRounds "9"]
[EventCountry "GER"]
[SourceTitle "EXT 2015"]
[Source "ChessBase"]
[SourceDate "2014.11.20"]
[SourceVersion "1"]
[SourceVersionDate "2014.11.20"]
[SourceQuality "1"]

1. e4 e5 2. Nf3 Nc6 3. Bb5 a6 4. Ba4 b5 5. Bb3 Be7 6. 0-0 Nf6 7. d4 exd4 8. e5 Ne4 9. Bd5 Nc5 10. Nxd4 Bb7 11. Nf5 g6 12. Ng7+ Kf8 13. Bh6 Bg5 14. Ne6+ Kg8 15. Nxd8 Bxd8 16. f4 Ne6 17. f5 Ng7 18. Bxf7+ Kxf7 19. Qxd7+ Be7 20. f6 Nf5 21. Qd5+ 1-0